Statistics for Friends characters

Click here to take the quiz!

General Stats

  • This quiz has been taken 409 times
  • The average score is 13 of 15

Answer Stats

HintAnswer% Correct
TribbianiJoey Tribbiani
100%
BuffayPhoebe Buffay
100%
GreenRachel Green
100%
GellerRoss Geller
100%
BingChandler Bing
99%
GellerMonica Geller
99%
2nd Central Perk ManagerGunther
96%
Chandler girlfriend with nasal voiceJanice Goralnik
96%
Ross's Capuchin monkeyMarcel
95%
Phoebe's Identical TwinUrsula Buffay
93%
The Geller siblings's fatherJack Geller
87%
The Geller siblings's motherJudy Geller
81%
Rachel's Italian neighborPaolo
72%
Chandler's MotherNora Tyler Bing
62%
Original Central Perk ManagerTerry
36%

Score Distribution

Percentile by Number Answered

Percent of People with Each Score

Your Score History

You have not taken this quiz